[Event "Barcelona Sant Marti op 11th"]
[Site "Barcelona"]
[Date "2024.02.29"]
[Round "8"]
[White "Dominguez Diaz, Francisco"]
[Black "Izquierdo Sanchez, Alejandro"]
[Result "1-0"]
[WhiteElo "1352"]
[BlackElo "1129"]
[PlyCount "93"]
[EventDate "2024.01.11"]
[EventType "swiss"]
[EventRounds "9"]
[EventCountry "ESP"]
[SourceTitle "CB11_2024"]
[SourceDate "2024.03.13"]
[SourceVersion "1"]
[SourceVersionDate "2024.03.13"]
[SourceQuality "1"]

1. e4 d5 2. e5 e6 3. d4 Bd7 4. Nf3 Nc6 5. c3 h6 6. Be3 Be7 7. Nbd2 Bg5 8. Nxg5 hxg5 9. Bd3 Qe7 10. Qg4 Nh6 11. Qxg5 Qxg5 12. Bxg5 f6 13. exf6 gxf6 14. Bxf6 Rf8 15. Bg6+ Nf7 16. h4 Rg8 17. h5 Ne7 18. Bxf7+ Kxf7 19. Be5 Rxg2 20. 0-0-0 Rxf2 21. h6 Ng6 22. Rdf1 Rf5 23. Rxf5+ exf5 24. Bg7 Kg8 25. Nf3 f4 26. Rg1 Bf5 27. Kd2 Re8 28. Ne5 Nxe5 29. Bxe5+ Kh7 30. Bxf4 Re7 31. Re1 Be4 32. a3 c6 33. b3 b5 34. a4 Rf7 35. Be3 a6 36. axb5 axb5 37. Ra1 Rf6 38. Ra7+ Kg8 39. c4 bxc4 40. bxc4 dxc4 41. Re7 Bf5 42. Kc3 Re6 43. Rg7+ Kh8 44. Bf4 Rg6 45. Re7 Re6 46. Be5+ Kg8 47. h7+ 1-0

[Event "Barcelona Sant Marti op 11th"]
[Site "Barcelona"]
[Date "2024.02.01"]
[Round "4"]
[White "Tortosa Moros, Joan"]
[Black "Dominguez Diaz, Francisco"]
[Result "1-0"]
[WhiteElo "1607"]
[BlackElo "1352"]
[PlyCount "91"]
[EventDate "2024.01.11"]
[EventType "swiss"]
[EventRounds "9"]
[EventCountry "ESP"]
[SourceTitle "CB11_2024"]
[SourceDate "2024.03.13"]
[SourceVersion "1"]
[SourceVersionDate "2024.03.13"]
[SourceQuality "1"]

1. e4 Nc6 2. Nf3 e5 3. Bb5 Nd4 4. Nxd4 exd4 5. c3 Qg5 6. Bf1 Nf6 7. d3 Qc5 8. Be2 d5 9. e5 Nd7 10. f4 dxc3 11. bxc3 Be7 12. d4 Qc6 13. 0-0 Nf8 14. f5 Bd7 15. Qe1 h5 16. Ba3 Bg5 17. Bxf8 Be3+ 18. Kh1 Rxf8 19. Bxh5 Qh6 20. e6 Qxh5 21. exd7+ Kxd7 22. Qxe3 Rae8 23. Qh3 Qe2 24. f6+ Kd8 25. Qf3 Qxf3 26. gxf3 gxf6 27. Na3 Re2 28. Rfe1 Rf2 29. Rf1 Re2 30. Rfe1 Rf2 31. Kg1 Rxf3 32. Kg2 Rxc3 33. Nb5 Rg8+ 34. Kf1 Rh3 35. Re2 a6 36. Na7 Rd3 37. Rb1 Rxd4 38. Rxb7 Rc4 39. Rb8+ Kd7 40. Rxg8 Rc1+ 41. Kf2 d4 42. Rf8 Kd6 43. Rxf7 d3 44. Rxf6+ Kd7 45. Rd2 Rc2 46. Ke3 1-0

[Event "Barcelona Sant Marti op 11th"]
[Site "Barcelona"]
[Date "2024.01.18"]
[Round "2"]
[White "Marques Soriano, Valentin"]
[Black "Dominguez Diaz, Francisco"]
[Result "1-0"]
[WhiteElo "1623"]
[BlackElo "1352"]
[PlyCount "87"]
[EventDate "2024.01.11"]
[EventType "swiss"]
[EventRounds "9"]
[EventCountry "ESP"]
[SourceTitle "CB11_2024"]
[SourceDate "2024.03.13"]
[SourceVersion "1"]
[SourceVersionDate "2024.03.13"]
[SourceQuality "1"]

1. e4 d6 2. d4 g6 3. Nf3 Bg7 4. Be2 a6 5. Nbd2 c5 6. c3 Nd7 7. 0-0 b5 8. Re1 Ngf6 9. h3 0-0 10. Bd3 Nh5 11. Nf1 Bb7 12. Bd2 Qc7 13. Qc1 Qb6 14. Bh6 cxd4 15. Bxg7 Nxg7 16. cxd4 Rac8 17. Qh6 f6 18. Rad1 Rf7 19. Ne3 Nf8 20. Bb1 Qa7 21. a3 Qa8 22. Nf1 Kh8 23. N1h2 e5 24. dxe5 dxe5 25. Ng4 Rcc7 26. Qe3 Rc4 27. b3 Rcc7 28. Rd6 Rc6 29. Red1 Rxd6 30. Rxd6 Nd7 31. b4 Ne8 32. Rd1 Nf8 33. Qb3 Kg7 34. Ba2 Bd5 35. Rxd5 Qb7 36. Rd8 h5 37. Ne3 Qc7 38. Rxe8 g5 39. Rc8 Qd7 40. Qc2 Re7 41. Nf5+ Kh7 42. Nxe7 Qxe7 43. Rc7 Nd7 44. Qc6 1-0

[Event "Sant Adria de Besos op-B 5th"]
[Site "Sant Adria de Besos"]
[Date "2023.08.11"]
[Round "1"]
[White "Clanchet Olle, Josep"]
[Black "Dominguez Diaz, Francisco"]
[Result "1-0"]
[WhiteElo "1658"]
[BlackElo "1358"]
[PlyCount "73"]
[EventDate "2023.08.11"]
[EventType "swiss"]
[EventRounds "9"]
[EventCountry "ESP"]
[SourceTitle "EXT 2024"]
[Source "ChessBase"]
[SourceDate "2023.10.10"]
[SourceVersion "1"]
[SourceVersionDate "2023.10.10"]
[SourceQuality "1"]

1. e4 e5 2. Nf3 d6 3. d4 Be7 4. dxe5 Bg4 5. Bf4 Nc6 6. exd6 cxd6 7. Nc3 Nf6 8. Be2 0-0 9. 0-0 Nh5 10. Qd2 Nxf4 11. Qxf4 Bxf3 12. Bxf3 Rc8 13. Rad1 Ne5 14. Qe3 b6 15. Be2 Bg5 16. f4 Bxf4 17. Qxf4 Qc7 18. Qd2 Qc5+ 19. Qd4 Qxd4+ 20. Rxd4 Rfd8 21. Rfd1 Rc6 22. Bb5 Rc5 23. Rxd6 Rf8 24. Rd8 Ng6 25. Rxf8+ Kxf8 26. Rd8+ Ke7 27. Re8+ Kf6 28. Nd5+ Kg5 29. c4 a5 30. h3 Nf4 31. Re5+ Kh6 32. g4 Nxd5 33. exd5 Kg6 34. h4 Kf6 35. Re8 g5 36. d6 gxh4 37. d7 1-0

[Event "Barcelona Sant Marti op-B 23rd"]
[Site "Barcelona"]
[Date "2023.07.21"]
[Round "9"]
[White "Ibanez Camara, Oscar"]
[Black "Dominguez Diaz, Francisco"]
[Result "1-0"]
[WhiteElo "1558"]
[BlackElo "1363"]
[PlyCount "119"]
[EventDate "2023.07.13"]
[EventType "swiss"]
[EventRounds "9"]
[EventCountry "ESP"]
[SourceTitle "CBM 215 Extra"]
[Source "ChessBase"]
[SourceDate "2023.09.30"]
[SourceVersion "1"]
[SourceVersionDate "2023.09.30"]
[SourceQuality "1"]

1. e4 e5 2. Nf3 Nc6 3. Bb5 d6 4. c3 Nf6 5. d3 a6 6. Ba4 Bd7 7. 0-0 b5 8. Bb3 Be7 9. Re1 0-0 10. Nbd2 a5 11. a4 b4 12. h3 Nh5 13. Nf1 Nf4 14. d4 Qc8 15. Bxf4 exf4 16. e5 dxe5 17. dxe5 Rd8 18. Qe2 Be6 19. Bc4 Bxc4 20. Qxc4 Qe6 21. Qxf4 bxc3 22. bxc3 h6 23. Rad1 Rab8 24. Rxd8+ Rxd8 25. Ng3 Rd3 26. Ne4 g5 27. Qc1 Nxe5 28. Nd4 Qd7 29. Qc2 g4 30. h4 Bxh4 31. Nc5 Qd5 32. Nxd3 Nxd3 33. Qxd3 Bf6 34. Re8+ Kg7 35. Ne6+ fxe6 36. Qe2 Qf5 37. Rxe6 Bxc3 38. Re7+ Kg6 39. Qe4 Qxe4 40. Rxe4 c5 41. Rxg4+ Kf5 42. f3 h5 43. Re4 Be5 44. Kf1 Bd4 45. Ke2 Bc3 46. Kd3 Bb4 47. Kc4 Kf6 48. Kd5 Kf5 49. g3 Ba3 50. Rf4+ Kg5 51. Ke6 Bc1 52. Rf5+ Kg6 53. Rxc5 Bd2 54. f4 Bb4 55. Rd5 Be1 56. Re5 Bb4 57. f5+ Kg5 58. f6+ Kg4 59. f7 Kxg3 60. Rxh5 1-0

[Event "Barcelona Sant Marti op-B 23rd"]
[Site "Barcelona"]
[Date "2023.07.17"]
[Round "5"]
[White "Rebaza Salazar, Xavier"]
[Black "Dominguez Diaz, Francisco"]
[Result "0-1"]
[WhiteElo "1071"]
[BlackElo "1363"]
[PlyCount "142"]
[EventDate "2023.07.13"]
[EventType "swiss"]
[EventRounds "9"]
[EventCountry "ESP"]
[SourceTitle "CBM 215 Extra"]
[Source "ChessBase"]
[SourceDate "2023.09.30"]
[SourceVersion "1"]
[SourceVersionDate "2023.09.30"]
[SourceQuality "1"]

1. e4 e5 2. Nf3 Nc6 3. Bb5 d6 4. 0-0 Nf6 5. Re1 Be7 6. c3 a6 7. Ba4 0-0 8. h3 b5 9. Bc2 Bb7 10. d4 exd4 11. cxd4 Nb4 12. a3 Nxc2 13. Qxc2 Re8 14. Nc3 Bf8 15. Bg5 h6 16. Bh4 g5 17. Bg3 Bg7 18. Rad1 Qc8 19. e5 Bxf3 20. gxf3 dxe5 21. dxe5 Nh5 22. Bh2 Qxh3 23. Nd5 Qxf3 24. Qe2 Qxe2 25. Rxe2 Ra7 26. Rc1 Nf4 27. Bxf4 gxf4 28. Rxc7 Rxc7 29. Nxc7 Rxe5 30. Rxe5 Bxe5 31. Nxa6 Bxb2 32. Nc7 Bxa3 33. Nxb5 Be7 34. Nd4 Bg5 35. Kg2 Kg7 36. Kh3 Kg6 37. Kg4 h5+ 38. Kh3 Be7 39. Ne2 Kg5 40. Ng1 Bc5 41. Nf3+ Kh6 42. Ne5 f6 43. Nd3 Bd6 44. f3 Kg5 45. Kg2 Kh4 46. Kh2 Be5 47. Kg2 Kg5 48. Kh3 Bd4 49. Kg2 Be3 50. Kh3 h4 51. Kg2 Bd4 52. Kh3 Bg1 53. Kg2 Be3 54. Kh3 Bb6 55. Kg2 Bc7 56. Kh3 Bd8 57. Kg2 Be7 58. Kh3 Bf8 59. Kg2 Bh6 60. Kh3 Kh5 61. Kg2 Bg5 62. Kh3 Kg6 63. Kg2 Kf5 64. Kh3 Ke6 65. Kg4 Kd5 66. Nxf4+ Bxf4 67. Kxf4 Kd4 68. Kg4 Ke3 69. Kxh4 Kxf3 70. Kh3 f5 71. Kh4 f4 0-1

[Event "Barcelona Sant Marti op 10th"]
[Site "Barcelona"]
[Date "2023.02.23"]
[Round "7"]
[White "Dominguez Diaz, Francisco"]
[Black "Ntutumu Alene, Ireneo Bartolome"]
[Result "0-1"]
[WhiteElo "1344"]
[BlackElo "1499"]
[PlyCount "106"]
[EventDate "2023.01.12"]
[EventType "swiss"]
[EventRounds "9"]
[EventCountry "ESP"]
[SourceTitle "CBM 213 Extra"]
[Source "ChessBase"]
[SourceDate "2023.05.31"]
[SourceVersion "1"]
[SourceVersionDate "2023.05.31"]
[SourceQuality "1"]

1. e4 e5 2. g3 Nf6 3. d3 d5 4. Bg5 dxe4 5. Bxf6 Qxf6 6. dxe4 Bc5 7. Qf3 Qb6 8. Bc4 0-0 9. b3 Nc6 10. Ne2 Nd4 11. Nxd4 Bxd4 12. c3 Bc5 13. 0-0 Qg6 14. b4 Bg4 15. Qg2 Bb6 16. a4 a6 17. Nd2 Rad8 18. Ra2 Qc6 19. b5 Qc5 20. a5 axb5 21. axb6 bxc4 22. bxc7 Qxc7 23. f3 Be6 24. Qf2 Rd3 25. Rc1 f5 26. Rb2 fxe4 27. Nxe4 Rdxf3 28. Qc5 Qxc5+ 29. Nxc5 Bh3 30. Rbb1 Re3 31. Nxb7 Re2 32. Nd6 e4 33. Nxc4 e3 34. Re1 Rxe1+ 35. Rxe1 e2 36. Ne3 Rf3 37. Rxe2 Bd7 38. c4 Bc6 39. Nd5 h6 40. Ne7+ Kf8 41. Nxc6 Rc3 42. Re4 Kf7 43. Kg2 Kf6 44. h3 Kf5 45. Rd4 Rc2+ 46. Kf3 Rc3+ 47. Kf2 Rc2+ 48. Kf1 g5 49. g4+ Ke6 50. Nd8+ Ke5 51. Rd5+ Ke4 52. Rc5 Kf3 53. Nf7 Rc1# 0-1

[Event "Barcelona Sant Marti op 10th"]
[Site "Barcelona"]
[Date "2023.01.26"]
[Round "3"]
[White "Dominguez Diaz, Francisco"]
[Black "Permanyer Ugartemendia, Inaki"]
[Result "0-1"]
[WhiteElo "1344"]
[BlackElo "1729"]
[PlyCount "94"]
[EventDate "2023.01.12"]
[EventType "swiss"]
[EventRounds "9"]
[EventCountry "ESP"]
[SourceTitle "CBM 213 Extra"]
[Source "ChessBase"]
[SourceDate "2023.05.31"]
[SourceVersion "1"]
[SourceVersionDate "2023.05.31"]
[SourceQuality "1"]

1. e4 e5 2. Nf3 Nc6 3. c3 Nf6 4. d3 Bc5 5. Bg5 d6 6. b4 Bb6 7. a4 a6 8. Be2 0-0 9. Nbd2 Be6 10. 0-0 Re8 11. Nc4 Ba7 12. b5 Nb8 13. bxa6 bxa6 14. Na5 c6 15. Nb7 Qc7 16. Bxf6 gxf6 17. Rb1 Bc8 18. Qb3 Re7 19. Nh4 Qxb7 20. Qc2 Qc7 21. Qd2 Be6 22. Rb2 Nd7 23. Kh1 Rb8 24. Rxb8+ Bxb8 25. d4 d5 26. exd5 exd4 27. Nf3 Bxd5 28. g3 dxc3 29. Qc2 Qe5 30. Bd1 Be4 31. Qe2 Bxf3+ 32. Qxf3 Qe4 33. Kg2 Qxf3+ 34. Bxf3 Nc5 35. Rc1 Be5 36. Bxc6 Nd3 37. Rd1 c2 38. Rxd3 c1Q 39. Rd8+ Kg7 40. Bf3 Qc4 41. Bd1 Rb7 42. Bf3 Rb1 43. Bd1 Bd4 44. Bg4 Qf1+ 45. Kf3 Qxf2+ 46. Ke4 Qe3+ 47. Kd5 Rc1 0-1

[Event "Barcelona Tres Peons-C"]
[Site "Barcelona"]
[Date "2021.03.24"]
[Round "5"]
[White "Dominguez Diaz, Francisco"]
[Black "Membrives Cano, Diego"]
[Result "1-0"]
[WhiteElo "1240"]
[BlackElo "1277"]
[PlyCount "43"]
[EventDate "2021.02.24"]
[EventType "tourn"]
[EventRounds "9"]
[EventCountry "ESP"]
[SourceTitle "EXT 2022"]
[Source "ChessBase"]
[SourceDate "2021.10.06"]
[SourceVersion "1"]
[SourceVersionDate "2021.10.06"]
[SourceQuality "1"]

1. b3 d6 2. Bb2 Nf6 3. c4 c5 4. g3 Bd7 5. Bg2 Bc6 6. Nf3 e5 7. d3 e4 8. dxe4 Bxe4 9. 0-0 Be7 10. Nc3 Bc6 11. a4 a6 12. Qc2 h6 13. Rfe1 0-0 14. Rad1 d5 15. cxd5 Nxd5 16. Nxd5 Bxd5 17. e4 Nc6 18. exd5 Nb4 19. Qc4 Bd6 20. Re4 Qd7 21. Qc3 Qf5 22. Qxg7# 1-0

[Event "Barcelona Sant Marti op 8th"]
[Site "Barcelona"]
[Date "2019.03.07"]
[Round "8"]
[White "Romero Funieles, Rafael de Jesus"]
[Black "Dominguez Diaz, Francisco"]
[Result "1-0"]
[WhiteElo "1588"]
[BlackElo "1262"]
[PlyCount "125"]
[EventDate "2019.01.17"]
[EventType "swiss"]
[EventRounds "9"]
[EventCountry "ESP"]
[SourceTitle "CBM 189 Extra"]
[Source "ChessBase"]
[SourceDate "2019.06.03"]
[SourceVersion "1"]
[SourceVersionDate "2019.06.03"]
[SourceQuality "1"]

1. e4 c5 2. Bc4 d6 3. Qh5 Nf6 4. Bxf7+ Kd7 5. Qh3+ Kc7 6. Qe3 e6 7. e5 Nd5 8. exd6+ Qxd6 9. Qe4 Nc6 10. Nc3 Nf6 11. Nb5+ Kd7 12. Nxd6 Nxe4 13. Nxe4 Nb4 14. Kd1 Be7 15. Bh5 b6 16. Bf3 Bb7 17. b3 Kc7 18. Bb2 Rhg8 19. Be5+ Kd7 20. Ne2 Bc6 21. h4 Rac8 22. a3 Na6 23. Ng5 Bxf3 24. gxf3 h6 25. Ne4 g5 26. hxg5 hxg5 27. Bf6 Rce8 28. Bxe7 Kxe7 29. Rh7+ Kd8 30. N2g3 Rh8 31. Rxa7 Nc7 32. Nxg5 Rhf8 33. Ke2 Re7 34. Rh1 Kc8 35. N5e4 Rd8 36. Rh5 Kb8 37. Ra4 Nd5 38. Rh4 Rf7 39. Nc3 Nxc3+ 40. dxc3 Rdf8 41. f4 Kb7 42. Re4 Rf6 43. Ke3 Kc6 44. c4 Rd8 45. Rh7 Rd1 46. Re7 Kd6 47. Re8 Kd7 48. Rb8 Kc7 49. Ra8 Kc6 50. a4 Kc7 51. Ra7+ Kd6 52. a5 bxa5 53. Rxa5 Kd7 54. Rxc5 Kd6 55. Ra5 Ke7 56. Ke2 Rd6 57. Nf5+ Rxf5 58. Rxf5 Kd7 59. Rfe5 Ke7 60. f5 Kf6 61. Rxe6+ Rxe6 62. fxe6 Ke7 63. c5 1-0

[Event "Barcelona La Lira op 37th"]
[Site "Barcelona"]
[Date "2019.03.01"]
[Round "7"]
[White "Costa Trave, Jaume"]
[Black "Dominguez Diaz, Francisco"]
[Result "1-0"]
[WhiteElo "1853"]
[BlackElo "1262"]
[PlyCount "57"]
[EventDate "2019.01.18"]
[EventType "swiss"]
[EventRounds "8"]
[EventCountry "ESP"]
[SourceTitle "CBM 189 Extra"]
[Source "ChessBase"]
[SourceDate "2019.06.03"]
[SourceVersion "1"]
[SourceVersionDate "2019.06.03"]
[SourceQuality "1"]

1. f4 e6 2. e4 d6 3. d4 a6 4. c4 c5 5. Nf3 Qb6 6. d5 h6 7. Nc3 Bd7 8. Bd3 Be7 9. 0-0 Nf6 10. e5 Nh7 11. Kh1 Qc7 12. Qc2 Nf8 13. Re1 a5 14. exd6 Bxd6 15. Ne5 Bxe5 16. fxe5 Na6 17. a3 0-0-0 18. d6 Qb6 19. Rf1 Be8 20. Na4 Qc6 21. b3 Rxd6 22. exd6 Qxd6 23. Bb2 Ng6 24. Rad1 Qc7 25. Be4 f5 26. Bf3 Nh4 27. Qe2 Bf7 28. Be5 Qe7 29. Nb6# 1-0

[Event "Barcelona Sant Marti op 8th"]
[Site "Barcelona"]
[Date "2019.01.24"]
[Round "2"]
[White "Ibanez Camara, Oscar"]
[Black "Dominguez Diaz, Francisco"]
[Result "1-0"]
[WhiteElo "1656"]
[BlackElo "1262"]
[PlyCount "77"]
[EventDate "2019.01.17"]
[EventType "swiss"]
[EventRounds "9"]
[EventCountry "ESP"]
[SourceTitle "CBM 189 Extra"]
[Source "ChessBase"]
[SourceDate "2019.06.03"]
[SourceVersion "1"]
[SourceVersionDate "2019.06.03"]
[SourceQuality "1"]

1. e4 c5 2. Nf3 d6 3. d4 cxd4 4. Nxd4 a6 5. c4 Nf6 6. Nc3 g6 7. Be2 Bg7 8. 0-0 Nbd7 9. Be3 0-0 10. f4 Nc5 11. Bf3 e6 12. Qc2 Re8 13. Rad1 h5 14. Nde2 Qc7 15. Bd4 e5 16. Be3 Bg4 17. h3 Bxf3 18. Rxf3 h4 19. f5 Qc6 20. fxg6 fxg6 21. Bxc5 Qxc5+ 22. Kh1 Re6 23. Nd5 b5 24. b4 Qxc4 25. Qxc4 bxc4 26. Nc7 Rae8 27. Nxe8 Nxe8 28. Rc3 Nf6 29. Rxc4 Nh5 30. Rc6 Bh6 31. Rcxd6 Rxd6 32. Rxd6 Bf8 33. Rxg6+ Kh7 34. Rb6 a5 35. bxa5 Bc5 36. Rc6 Be3 37. a6 Kg7 38. a7 Bxa7 39. Rc7+ 1-0

[Event "Barcelona Sant Marti op 8th"]
[Site "Barcelona"]
[Date "2019.01.17"]
[Round "1"]
[White "Dominguez Diaz, Francisco"]
[Black "Madrid Sole, Antonio"]
[Result "0-1"]
[WhiteElo "1262"]
[BlackElo "1836"]
[PlyCount "48"]
[EventDate "2019.01.17"]
[EventType "swiss"]
[EventRounds "9"]
[EventCountry "ESP"]
[SourceTitle "CBM 189 Extra"]
[Source "ChessBase"]
[SourceDate "2019.06.03"]
[SourceVersion "1"]
[SourceVersionDate "2019.06.03"]
[SourceQuality "1"]

1. e4 e6 2. Nf3 d5 3. exd5 exd5 4. d4 Bd6 5. h3 Ne7 6. Bd3 Nbc6 7. 0-0 0-0 8. c3 Bf5 9. Bg5 Qd7 10. Na3 a6 11. Qc2 h6 12. Bh4 Bxd3 13. Qxd3 Nf5 14. Rae1 g5 15. Nxg5 hxg5 16. Bxg5 f6 17. Bd2 Rae8 18. Qf3 Nfe7 19. Qh5 Qf5 20. Qd1 Kf7 21. Nc2 Rg8 22. Ne3 Qxh3 23. g3 Bxg3 24. Qf3 Qh2# 0-1

[Event "Barcelona Sant Marti op-B 20th"]
[Site "Barcelona"]
[Date "2018.07.17"]
[Round "5"]
[White "Munt Serrano, Jesus"]
[Black "Dominguez Diaz, Francisco"]
[Result "1-0"]
[WhiteElo "1511"]
[BlackElo "1319"]
[PlyCount "39"]
[EventDate "2018.07.13"]
[EventType "swiss"]
[EventRounds "9"]
[EventCountry "ESP"]
[SourceTitle "EXT 2019"]
[Source "ChessBase"]
[SourceDate "2018.10.10"]
[SourceVersion "1"]
[SourceVersionDate "2018.10.10"]
[SourceQuality "1"]

1. e4 c5 2. Nf3 d6 3. d4 cxd4 4. Nxd4 g6 5. Nc3 a6 6. Be3 Bg7 7. Qd2 Nf6 8. f3 0-0 9. g4 e5 10. Nb3 Re8 11. h4 h5 12. Bg5 hxg4 13. h5 Nbd7 14. fxg4 Qb6 15. hxg6 Nc5 16. gxf7+ Kxf7 17. Bc4+ Be6 18. Bxe6+ Rxe6 19. Bxf6 Rxf6 20. Nd5 1-0

[Event "Barcelona Sant Marti op-B 20th"]
[Site "Barcelona"]
[Date "2018.07.16"]
[Round "4"]
[White "Dominguez Diaz, Francisco"]
[Black "Caballero Ortin, Jorge"]
[Result "0-1"]
[WhiteElo "1319"]
[BlackElo "1628"]
[PlyCount "58"]
[EventDate "2018.07.13"]
[EventType "swiss"]
[EventRounds "9"]
[EventCountry "ESP"]
[SourceTitle "EXT 2019"]
[Source "ChessBase"]
[SourceDate "2018.10.10"]
[SourceVersion "1"]
[SourceVersionDate "2018.10.10"]
[SourceQuality "1"]

1. e4 c5 2. Nf3 d6 3. Bc4 e6 4. Nc3 Nc6 5. h3 a6 6. a3 Nf6 7. d3 b5 8. Ba2 h6 9. 0-0 Bb7 10. Re1 Qc7 11. Ne2 Be7 12. Ng3 Nd4 13. Nxd4 cxd4 14. Bd2 Rc8 15. c3 dxc3 16. Bxc3 0-0 17. Rc1 Qb6 18. Qd2 Bd8 19. Bb1 Nd7 20. d4 a5 21. Qd3 b4 22. e5 g6 23. axb4 axb4 24. Bd2 Rxc1 25. Bxc1 Kh7 26. Nh5 dxe5 27. dxe5 Nxe5 28. Rxe5 Qc6 29. Kh2 Qxg2# 0-1

[Event "Barcelona Tres Peons-C 47th"]
[Site "Barcelona"]
[Date "2018.06.01"]
[Round "6.4"]
[White "Perez Serrallonga, Maxima"]
[Black "Dominguez Diaz, Francisco"]
[Result "1/2-1/2"]
[WhiteElo "1390"]
[BlackElo "1685"]
[PlyCount "94"]
[EventDate "2018.04.27"]
[EventType "tourn"]
[EventRounds "9"]
[EventCountry "ESP"]
[SourceTitle "EXT 2024"]
[Source "ChessBase"]
[SourceDate "2023.10.10"]
[SourceVersion "1"]
[SourceVersionDate "2023.10.10"]
[SourceQuality "1"]

1. d4 d6 2. c4 g6 3. Nf3 Bg7 4. e3 Nf6 5. Nc3 a6 6. Bd3 0-0 7. 0-0 c6 8. h3 Nbd7 9. e4 e5 10. d5 cxd5 11. cxd5 b5 12. b4 Re8 13. a4 bxa4 14. Nxa4 Nb6 15. Nxb6 Qxb6 16. b5 Nd7 17. Be3 Nc5 18. Be2 a5 19. Nd2 Qd8 20. Bxc5 dxc5 21. Nc4 Qg5 22. Rxa5 Bxh3 23. Bf3 Rxa5 24. Nxa5 Bd7 25. Nc6 Bf8 26. b6 Bd6 27. Qe2 Bc8 28. Rb1 Bb7 29. Qb5 f5 30. Na5 Rb8 31. Qd7 fxe4 32. Bxe4 Qe7 33. Qxe7 Bxe7 34. Nc4 Bf6 35. Rb5 Ba6 36. Rxc5 Bxc4 37. Rxc4 Rxb6 38. Rc6 Rxc6 39. dxc6 Bd8 40. g3 Kf8 41. f4 exf4 42. gxf4 Ke7 43. Kf2 Kf6 44. Kf3 Ba5 45. Kg4 Kg7 46. f5 gxf5+ 47. Bxf5 h6 1/2-1/2

[Event "Barcelona Tres Peons-C 47th"]
[Site "Barcelona"]
[Date "2018.05.25"]
[Round "5.2"]
[White "Dominguez Diaz, Francisco"]
[Black "Garcia Miralles, Eduard"]
[Result "0-1"]
[WhiteElo "1685"]
[BlackElo "1414"]
[PlyCount "110"]
[EventDate "2018.04.27"]
[EventType "tourn"]
[EventRounds "9"]
[EventCountry "ESP"]
[SourceTitle "EXT 2024"]
[Source "ChessBase"]
[SourceDate "2023.10.10"]
[SourceVersion "1"]
[SourceVersionDate "2023.10.10"]
[SourceQuality "1"]

1. e4 e6 2. g3 b6 3. Bg2 Bb7 4. Nc3 c5 5. d3 Be7 6. Nf3 Nc6 7. 0-0 Bf6 8. Re1 Bd4 9. Nb5 Qb8 10. c3 Bf6 11. Bf4 e5 12. Bg5 Bxg5 13. Nxg5 h6 14. Nf3 Nge7 15. d4 a6 16. Na3 d6 17. d5 Nd8 18. Nc4 b5 19. Na5 Bc8 20. a4 0-0 21. Ra3 bxa4 22. Qc2 Bd7 23. b3 axb3 24. Rxb3 Qc7 25. Ra1 Rb8 26. Qa2 Nb7 27. Nc4 a5 28. Nb6 Bg4 29. Nd2 f5 30. f3 Bh5 31. Ndc4 fxe4 32. fxe4 Nc8 33. Nxc8 Rbxc8 34. Bh3 Ra8 35. Rab1 Ra7 36. Qa4 Be8 37. Qa2 a4 38. Rb6 Rf6 39. Qb2 Na5 40. Nxa5 Rxa5 41. Rb8 Rf8 42. Rc8 Qa7 43. c4 Qa6 44. Qc2 a3 45. Qa2 Bf7 46. Rxf8+ Kxf8 47. Rb8+ Ke7 48. Rc8 Qb7 49. Rc6 Qb2 50. Rc7+ Kf8 51. Rc8+ Ke7 52. Rc7+ Kf6 53. Qxb2 axb2 54. Rb7 Ra1+ 55. Bf1 b1Q 0-1

[Event "Barcelona Tres Peons-C 47th"]
[Site "Barcelona"]
[Date "2018.05.04"]
[Round "2.3"]
[White "Membrives Cano, Diego"]
[Black "Dominguez Diaz, Francisco"]
[Result "1/2-1/2"]
[WhiteElo "1266"]
[BlackElo "1685"]
[PlyCount "54"]
[EventDate "2018.04.27"]
[EventType "tourn"]
[EventRounds "9"]
[EventCountry "ESP"]
[SourceTitle "EXT 2024"]
[Source "ChessBase"]
[SourceDate "2023.10.10"]
[SourceVersion "1"]
[SourceVersionDate "2023.10.10"]
[SourceQuality "1"]

1. d4 d6 2. Nf3 g6 3. Bf4 Bg7 4. e3 Nf6 5. Be2 Nbd7 6. h3 a6 7. 0-0 c5 8. c3 0-0 9. Nbd2 b5 10. c4 Rb8 11. b3 Bb7 12. Qc2 Bxf3 13. Bxf3 Re8 14. Bh2 cxd4 15. exd4 e5 16. dxe5 dxe5 17. Rad1 Qb6 18. Ne4 bxc4 19. bxc4 Qb2 20. Qa4 Nxe4 21. Bxe4 Nc5 22. Qc6 Rbc8 23. Qd5 Qxa2 24. Bb1 Qb3 25. f4 Bf6 26. fxe5 Red8 27. Qf3 Rxd1 1/2-1/2

[Event "Barcelona Tres Peons-C 47th"]
[Site "Barcelona"]
[Date "2018.04.27"]
[Round "1.3"]
[White "Dominguez Diaz, Francisco"]
[Black "Soriano Rafel, Xavier"]
[Result "1-0"]
[WhiteElo "1685"]
[BlackElo "1663"]
[PlyCount "47"]
[EventDate "2018.04.27"]
[EventType "tourn"]
[EventRounds "9"]
[EventCountry "ESP"]
[SourceTitle "EXT 2024"]
[Source "ChessBase"]
[SourceDate "2023.10.10"]
[SourceVersion "1"]
[SourceVersionDate "2023.10.10"]
[SourceQuality "1"]

1. e4 c5 2. Nf3 Nc6 3. g3 Nf6 4. Nc3 e6 5. Bg2 Be7 6. d3 h6 7. a3 a5 8. Bf4 d6 9. Qd2 e5 10. Be3 Bg4 11. h3 Be6 12. g4 g5 13. Ne2 d5 14. exd5 Nxd5 15. Ng3 Nxe3 16. Qxe3 Nd4 17. Nxd4 cxd4 18. Qxe5 f6 19. Qxe6 Rb8 20. 0-0 b5 21. Rfe1 Rh7 22. Qg8+ Kd7 23. Qxh7 Rc8 24. Nf5 1-0